Library Banner

Probability and statistics for engineers and scientists / (Record no. 118103)

MARC details
000 -LEADER
fixed length control field 00730cam a22002417a 4500
001 - CONTROL NUMBER
control field 16858179
005 - DATE AND TIME OF LATEST TRANSACTION
control field 20200807121809.0
008 - FIXED-LENGTH DATA ELEMENTS--GENERAL INFORMATION
fixed length control field 110706s2012 maua 001 0 eng d
020 ## - INTERNATIONAL STANDARD BOOK NUMBER
International Standard Book Number 9781111827045 (hbk.)
040 ## - CATALOGING SOURCE
Transcribing agency PK-LaUMT
082 04 - DEWEY DECIMAL CLASSIFICATION NUMBER
Classification number 519.502462
Edition number 23
Item number HAY-P
100 1# - MAIN ENTRY--PERSONAL NAME
Personal name Hayter, Anthony J.
245 10 - TITLE STATEMENT
Title Probability and statistics for engineers and scientists /
Statement of responsibility, etc by Anthony Hayter
250 ## - EDITION STATEMENT
Edition statement 4th ed.
260 ## - PUBLICATION, DISTRIBUTION, ETC. (IMPRINT)
Place of publication, distribution, etc Boston, MA :
Name of publisher, distributor, etc Brooks/Cole, Cengage Learning,
Date of publication, distribution, etc 2013
300 ## - PHYSICAL DESCRIPTION
Extent xx, 826 p. :
Other physical details ill. ;
Dimensions 26 cm.
500 ## - GENERAL NOTE
General note Includes index.
650 #0 - SUBJECT ADDED ENTRY--TOPICAL TERM
Topical term or geographic name as entry element Engineering
General subdivision Statistical methods.
650 #0 - SUBJECT ADDED ENTRY--TOPICAL TERM
Topical term or geographic name as entry element Science
General subdivision Statistical methods.
650 #0 - SUBJECT ADDED ENTRY--TOPICAL TERM
Topical term or geographic name as entry element Probabilities.
650 #0 - SUBJECT ADDED ENTRY--TOPICAL TERM
Topical term or geographic name as entry element Statistics.
942 ## - ADDED ENTRY ELEMENTS (KOHA)
Koha item type Books
Holdings
Withdrawn status Lost status Damaged status Home library Current library Date acquired Full call number Barcode Date last seen Price effective from Koha item type
      UMT Main Campus UMT Main Campus 2020-08-07 519.502462 HAY-P 134386 2025-05-15 2020-08-07 Books